000 00281nam a2200121Ia 4500
100 _aAnderson/Edwin.P.
942 _cBK
654 _aMechanics
245 _aAudels Millwrights of Mechanics Guide
260 _bTaraporevala Sons & Co
_c2001
082 _a621.9
546 _aENGLISH
999 _c34633
_d34633